LAW OF TORTS (Record no. 27880)
[ view plain ]
| 000 -LEADER | |
|---|---|
| fixed length control field | 00430nam a22001577a 4500 |
| 003 - CONTROL NUMBER IDENTIFIER | |
| control field | SGT |
| 020 ## - INTERNATIONAL STANDARD BOOK NUMBER | |
| International Standard Book Number | 9789388267373 |
| 082 ## - DEWEY DECIMAL CLASSIFICATION NUMBER | |
| Classification number | 346.03 |
| Item number | PAN |
| 100 ## - MAIN ENTRY--PERSONAL NAME | |
| Personal name | PANDEY J N |
| 245 ## - TITLE STATEMENT | |
| Title | LAW OF TORTS |
| Remainder of title | WITH THE CONSUMER PROTECTION ACT & MOTOR VEHICLES ACT |
| 250 ## - EDITION STATEMENT | |
| Edition statement | 10 |
| 260 ## - PUBLICATION, DISTRIBUTION, ETC. (IMPRINT) | |
| Place of publication, distribution, etc | PRAYAGRAJ |
| Name of publisher, distributor, etc | CENTRAL LAW PUBLICATION |
| Year of Publication | 2024 |
| 300 ## - PAGE DESCRIPTION | |
| No. of Pages | 564 |
| 653 ## - KEYWORDS--INDEX TERM | |
| Keyword term | TORTS ,CONSUMER PROTECTION ACT ,MOTOR VEHICLE ACT |
| 942 ## - ADDED ENTRY ELEMENTS (KOHA) | |
| Source of classification or shelving scheme | Dewey Decimal Classification |
| Koha item type | Books |
| 942 ## - ADDED ENTRY ELEMENTS (KOHA) | |
| -- | 2 |
| Withdrawn status | Lost status | Source of classification or shelving scheme | Damaged status | Not for loan | Collection code | Home library | Current library | Shelving location | Date acquired | Vendor Name | Cost, normal purchase price | SGTU | Bill Number | Total Checkouts | Full call number | Accession No. (Barcode) | Date last seen | Bill Date | Koha item type | Date last borrowed |
|---|---|---|---|---|---|---|---|---|---|---|---|---|---|---|---|---|---|---|---|---|
| Dewey Decimal Classification | LAW | SGT Science & Social Sciences Library | SGT Science & Social Sciences Library | Text Book | 30/11/2024 | COMMERCIAL BOOK HOUSE | 430.00 | SGTU | 994 | 346.03 PAN | FL3561 | 30/11/2024 | 05/11/2024 | Books | ||||||
| Dewey Decimal Classification | Not For Loan | LAW | SGT Science & Social Sciences Library | SGT Science & Social Sciences Library | Reference Book | 30/11/2024 | COMMERCIAL BOOK HOUSE | 430.00 | SGTU | 994 | 346.03 PAN | FL3562 | 30/11/2024 | 05/11/2024 | Books | |||||
| Dewey Decimal Classification | LAW | SGT Science & Social Sciences Library | SGT Science & Social Sciences Library | Text Book | 30/11/2024 | COMMERCIAL BOOK HOUSE | 430.00 | SGTU | 994 | 1 | 346.03 PAN | FL3563 | 17/01/2025 | 05/11/2024 | Books | 30/12/2024 | ||||
| Dewey Decimal Classification | LAW | SGT Science & Social Sciences Library | SGT Science & Social Sciences Library | Text Book | 30/11/2024 | COMMERCIAL BOOK HOUSE | 430.00 | SGTU | 994 | 346.03 PAN | FL3564 | 30/11/2024 | 05/11/2024 | Books | ||||||
| Dewey Decimal Classification | LAW | SGT Science & Social Sciences Library | SGT Science & Social Sciences Library | Text Book | 30/11/2024 | COMMERCIAL BOOK HOUSE | 430.00 | SGTU | 994 | 1 | 346.03 PAN | FL3565 | 11/01/2025 | 05/11/2024 | Books | 30/12/2024 |